000 00451nam a22001697a 4500
999 _c160824
_d160824
005 20190212122722.0
010 _aB-162225
020 _a8170103517
035 _aB-162225
037 _bHemkunt Publishers Pvt. Ltd.
082 _aS
100 _aKaur, Kanwaljit
245 _aStories about sikh traditions /
_cKanwaljit Kaur
260 _aNew Delhi
_bHemkunt Publishers Pvt. Ltd.
_c2006
300 _a56p.
_c24cm(hbk)
942 _2ddc
_cCH
_hS
_mSTO